000
00330nam a2200145Ia 4500
003
SEM
008
141116s9999 xx 000 0 und d
080
_a
252 Գ-47
100
_a
Գևորգ Եպիսկոպոս
245
_a
Քարոզգիրք
260
_a
Էջմիածին
260
_c
1917
300
_a
200
942
_2
udc
_c
BK
999
_c
50272
_d
50272